| 000 | 00571nam a22001817a 4500 | ||
|---|---|---|---|
| 005 | 20230310010534.0 | ||
| 008 | 230310b |||||||| |||| 00| 0 eng d | ||
| 020 | _a978-1-118-65948-9 | ||
| 082 | _a425 T712 2018 | ||
| 100 |
_aTortora, Christian _eauthor |
||
| 245 |
_aUnderstanding sentence structure: _ban introduction to English syntax / _cChristian Tortora |
||
| 260 |
_aHoboken, NJ: _bWiley-Blackwell, _cc2018. |
||
| 300 | _avii, 348p. | ||
| 490 | _aLinguistics in the world | ||
| 504 | _aIncludes index | ||
| 541 | _e6693 | ||
| 650 | _aEnglish language - Syntax | ||
| 999 |
_c1700 _d1700 |
||